Score 0/17 Timer 02:00
1 Play Today
Clue Word % Correct
Cook a cakeBAKE
98%
'Colonized' insectANT
97.9%
Interrupting sequence: CTRL-___-DELALT
97.8%
Two-wheeled vehicleBIKE
96.9%
'You Can't ___ It with You'TAKE
96%
'The ____ Ranger'LONE
95.9%
Fail to winLOSE
95.1%
Fable or a legendTALE
94.6%
♪ Alcoholic grape drink ♪♪ WINE ♪
94.6%
Clue Word % Correct
♪ ___ Poehler, 'Parks & Recreation' actress ♪♪ AMY ♪
94.5%
Some of whatever kindANY
93.6%
Relative of a pilsnerALE
91%
Narrow rural roadLANE
90.2%
Decrease, like the moonWANE
89.2%
Twining stemBINE
86.1%
♪ It's not a home ♪♪ HOUSE ♪
79%
A single infester of hairLOUSE
76.2%

Today's Daily Dose

You're not logged in!

Compare scores with friends on all Sporcle quizzes.
OR
Log In

Sporcle TV

Today on Sporcle TV


Watch our educational content, quiz creation guides, and fun videos on Sporcle TV.

Show Comments

Extras

Top Quizzes Today


Score Distribution

Your Account Isn't Verified!

In order to create a playlist on Sporcle, you need to verify the email address you used during registration. Go to your Sporcle Settings to finish the process.

Report this User

Report this user for behavior that violates our Community Guidelines.

Details: